01314njm a2200301Ia 450000100060000000300090000600500170001500800410003204000130007304000130008699900190009999900090011810000280012710000240015510000430017924500610022225000110028326000090029426000750030330000100037830000290038850000390041750501970045651100560065365000570070994200120076695202340077824244IT-RoPAU20220918181200.0131025s9999 xx 000 0 und d aIT-RoPAU cIT-RoPAU c102970d102970 bn.d. aMusorgskij Modest99679 eAutore musica99680 gCodice autore musica SPICS: 343199681 2aA Night On the Bare Mountain (Una notte sul monte Calvo) a1a ed. aROMA bRCA (RADIO CORP. AMERICA)c1980 [1a Ed.:1980 - Ed. Lingua Orig.: 1867] aDISCO c54 minuti (Testo: pag.) aMusica classica. Musica sinfonica. aKhovanshchina - Joshua - Salammbo - Scherzo in b flat magg - The Destruction of Sennacherib - St. John's Night On the Bare Mountain - Oedipus in Athens - Triunphal March "The Capture of Kars". aLondon Symphony Orchestra diretta da Abbado Claudio aSINFONICA [DISCHI]eCodice MATERIA SPICS: 995091288 cMD2ddc 001040624244_00000000000000071aSPICSbSPICSd2013-10-25l0o24244r2013-10-25 00:00:00w2013-10-25yMDzProgr. Ins.: 5091 / N.Vol.: 1 / Copie: 1 - Copia rara: n.d. / date import: 01.01.2014 - By Epidotti, Trombetti, Vaglietti